LEADER 01259nam2 2200277 i 450 001 VAN0004861 005 20120316112616.854 010 $a88-14-01481-7 100 $a20020725d1988 |0itac50 ba 101 $aita 102 $aIT 105 $a|||| ||||| 200 1 $aˆ3: Il ‰divorzio$ecommento sistematico della legge 1. dicembre 1970 n.898 come modificata dalle leggi 1. agosto 1978 n.436 e 6 marzo 1987 n.74 $fAlfio Finocchiaro, Mario Finocchiaro 210 $aMilano$cGiuffrè$d1988 215 $aIV, 768 p.$d25 cm. 461 1$1001VAN0004860$12001 $aDiritto di famiglia$elegislazione dottrina giurisprudenza$fAlfio Finocchiaro, Mario Finocchiaro$1210 $aMilano$cGiuffrè$d1984-1988$1215 $av.$d25 cm.$v3 620 $dMilano$3VANL000284 700 1$aFinocchiaro$bAlfio$3VANV004357$028898 701 1$aFinocchiaro$bMario$3VANV004358$028899 712 $aGiuffrè $3VANV109181$4650 801 $aIT$bSOL$c20230616$gRICA 899 $aBIBLIOTECA DEL DIPARTIMENTO DI GIURISPRUDENZA$1IT-CE0105$2VAN00 912 $aVAN0004861 950 $aBIBLIOTECA DEL DIPARTIMENTO DI GIURISPRUDENZA$d00CONS XV.Cb.5 3 $e00 7734 20020725 996 $aDivorzio$91401802 997 $aUNICAMPANIA